Normal view
MARC view
- SIGNAL THEORY STATISTICAL COMMUNICATION THEORY ESTIMATION THEORY
Entry Topical Term
001 - CONTROL NUMBER
- control field: 75263
003 - CONTROL NUMBER IDENTIFIER
- control field: NUST
005 - DATE AND TIME OF LATEST TRANSACTION
- control field: 20210628205400.0
008 - FIXED-LENGTH DATA ELEMENTS
- fixed length control field: 210628|| aca||aabn | a|a d
040 ## - CATALOGING SOURCE
- Original cataloging agency: NUST
- Transcribing agency: NUST
150 ## - HEADING--TOPICAL TERM
- Topical term or geographic name entry element: SIGNAL THEORY STATISTICAL COMMUNICATION THEORY ESTIMATION THEORY
670 ## - SOURCE DATA FOUND
- Source citation: Work cat.: (NUST): Kazakos, P. Papantoni Kazakos, Dimitri 75262, Detection and estimation, 1990
